[Event "Catalunya-chT"]
[Site "ESP"]
[Date "1995.??.??"]
[Round "?"]
[White "Narciso Dublan, Marc"]
[Black "Torrecillas Martinez, Antonio"]
[Result "0-1"]
[WhiteElo "2375"]
[BlackElo "2340"]

1.Nf3 Nf6 2.d4 d5 3.c4 e6 4.Nc3 Be7 5.Bf4 O-O 6.e3 c5 7.dxc5 Nc6 8.a3 Bxc5
9.Qc2 Re8 10.Rd1 e5 11.Bg5 d4 12.Nd5 Qa5+ 13.b4 Qxa3 14.bxc5 Nxd5 15.cxd5 Nb4
16.Qb1 Nxd5 17.e4 Nc3 18.Qc1 Qxc5 19.Bd3 Be6 20.O-O b5 21.Bd2 b4 22.Ng5 Bc4
23.Bxc4 Qxc4 24.Kh1 f6 25.Nh3 a5 26.Rde1 a4 27.f4 b3 28.fxe5 Rxe5 29.Bf4 Rb5
30.e5 b2 31.Qc2 d3 32.Qf2 b1=Q 33.Rxb1 Rxb1 34.Rxb1 Nxb1 35.exf6 d2 36.Bxd2 Nxd2
37.Qxd2 a3 38.Qg5 Qf7 39.fxg7 a2  0-1

[Event "Formia op"]
[Site "Formia"]
[Date "1995.??.??"]
[Round "?"]
[White "Zlochevskij, Alexander"]
[Black "Arlandi, Ennio"]
[Result "1-0"]
[WhiteElo "2485"]
[BlackElo "2440"]

1.d4 d5 2.c4 e6 3.Nc3 Be7 4.Nf3 Nf6 5.Bf4 O-O 6.e3 c5 7.dxc5 Bxc5 8.a3 Nc6
9.Be2 dxc4 10.Bxc4 a6 11.Qc2 Be7 12.Bd3 h6 13.O-O Bd7 14.h3 Rc8 15.e4 b5
16.e5 Nd5 17.Nxd5 exd5 18.Qd2 g5 19.Bg3 Kg7 20.Rad1 Be6 21.Bb1 b4 22.Qd3 Rh8
23.Qxa6 bxa3 24.bxa3 Qa5 25.Qxa5 Nxa5 26.Nd4 Bxa3 27.f4 gxf4 28.Bh4 Rhe8
29.Bf6+ Kf8 30.Kh2 Be7 31.Rxf4 Bxf6 32.exf6 Nc6 33.Rh4 Nxd4 34.Rxh6 Kg8 35.Rxd4  1-0

[Event "Genting zt"]
[Site "Genting"]
[Date "1995.??.??"]
[Round "9"]
[White "Adianto, Utut"]
[Black "Irwanto"]
[Result "1-0"]
[WhiteElo "2585"]
[BlackElo "2375"]

1.d4 Nf6 2.c4 e6 3.Nc3 d5 4.Nf3 Be7 5.Bf4 c6 6.e3 Nbd7 7.h3 O-O 8.Rc1 Ne4
9.Nxe4 dxe4 10.Nd2 Qa5 11.a3 f5 12.Be2 c5 13.dxc5 e5 14.Bh2 Rd8 15.O-O Qxc5
16.b4 Qc7 17.c5 Nf6 18.Qb3+ Kh8 19.Qb2 Be6 20.Bc4 Bc8 21.Bb3 f4 22.Nc4 Rd5
23.Rfd1 Be6 24.Rxd5 Nxd5 25.Nxe5 Bf6 26.Bxf4 Nxf4 27.exf4 Bxe5 28.fxe5 Bxb3
29.Qxb3 Qxe5 30.Rd1 Rf8 31.Qe3 Qf6 32.Rd4 h6 33.Rxe4 Qa1+ 34.Kh2 Qb2 35.Re7 Qf6
36.Rxb7  1-0

[Event "BL9596 (Women)"]
[Site "Germany"]
[Date "1995.??.??"]
[Round "?"]
[White "Grabuzova, Tatiana"]
[Black "Gempe, Anet"]
[Result "1-0"]
[WhiteElo "2195"]
[BlackElo "2105"]

1.d4 Nf6 2.c4 e6 3.Nc3 d5 4.Nf3 Be7 5.Bf4 O-O 6.e3 c6 7.Qc2 Nbd7 8.Rd1 Qa5
9.Nd2 Re8 10.Be2 Bf8 11.O-O Qd8 12.e4 dxe4 13.Ndxe4 Nxe4 14.Nxe4 Nf6 15.Bf3 Nxe4
16.Bxe4 f5 17.Bf3 Bd6 18.Be5 Qc7 19.Qc3 c5 20.Rfe1 Bxe5 21.Rxe5 cxd4 22.Qxd4 Rb8
23.c5 Bd7 24.Qd6 Rbc8 25.b4 Qxd6 26.Rxd6 Rc7 27.Bd1 Kf7 28.f4 Ke7 29.Bb3 Kf6
30.h4 Bc8 31.b5 Ree7 32.a4 h6 33.h5 Bd7 34.a5 Rc8 35.Rxd7 Rxd7 36.Rxe6+ Kf7
37.Rc6+  1-0

[Event "BL2-S9495"]
[Site "Germany"]
[Date "1995.??.??"]
[Round "?"]
[White "Orlowski, Juergen"]
[Black "Gerigk, Erasmus"]
[Result "1-0"]
[WhiteElo "2255"]
[BlackElo "2270"]

1.Nf3 Nf6 2.c4 e6 3.Nc3 d5 4.d4 Be7 5.Bf4 O-O 6.e3 c5 7.dxc5 Bxc5 8.a3 Nc6
9.Rc1 Bb6 10.Be2 d4 11.exd4 Nxd4 12.Nxd4 Bxd4 13.O-O a6 14.Bf3 e5 15.Bg5 Qb6
16.b4 Be6 17.c5 Qc7 18.Bxf6 gxf6 19.Qd2 Qe7 20.Ne4 f5 21.Nd6 Rab8 22.Rfe1 b6
23.Nxf5 Bxf5 24.Qxd4 exd4 25.Rxe7 bxc5 26.Rxc5 Rfe8 27.Rxe8+ Rxe8 28.g4 Be4
29.Kg2 d3 30.Bxe4 Rxe4 31.Rd5 Rxg4+ 32.Kf3 Rh4 33.Kg3 Rc4 34.Rxd3 Rc2 35.Kf3 Kf8
36.Ke3 Ke7 37.Rb3 Ra2 38.h3 Ke6 39.Rc3 Kd6 40.Kf3 Ke7 41.h4 h5 42.Kg3 f6
43.f3 Kf7 44.Kf4 Kg6 45.Ke4  1-0

[Event "Groningen op"]
[Site "Groningen"]
[Date "1995.??.??"]
[Round "?"]
[White "Roeder, Mathias"]
[Black "Peelen, Piet"]
[Result "1/2-1/2"]
[WhiteElo "2460"]
[BlackElo "2395"]

1.d4 Nf6 2.c4 e6 3.Nf3 d5 4.Nc3 Be7 5.Bf4 O-O 6.e3 c5 7.dxc5 Bxc5 8.cxd5 exd5
9.Be2 Nc6 10.O-O Be6 11.Rc1 h6 12.Ne5 Bd6 13.Nxc6 bxc6 14.Bxd6 Qxd6 15.Na4 Nd7
16.Qc2 Rfc8 17.Nc5 Nxc5 18.Qxc5 Qxc5 19.Rxc5 a5 20.Rfc1 Rcb8 21.b3 a4 22.Rxc6 axb3
23.axb3 Rxb3 24.h3 Rb2 25.R6c2 Raa2 26.Rxb2 Rxb2 27.Kf1 Kf8 28.Bf3 Ke7 29.Rd1 Kd6
30.g4 Ke5 31.Rd4 h5 32.Kg2 hxg4 33.hxg4 g5 34.Kg3 Rc2 35.Rb4 Rd2 36.Rb5 Kf6
37.Rb4 Ke5 38.Bh1 Rd3 39.Bg2 d4 40.Rxd4 Rxd4 41.exd4+ Kxd4 42.f4  1/2-1/2

[Event "Groningen op"]
[Site "Groningen"]
[Date "1995.??.??"]
[Round "?"]
[White "Psakhis, Lev"]
[Black "Onoprienko, Konstantin"]
[Result "1-0"]
[WhiteElo "2610"]
[BlackElo "2290"]

1.c4 Nf6 2.Nc3 e6 3.Nf3 d5 4.d4 Be7 5.Bf4 O-O 6.e3 c6 7.Qc2 Nbd7 8.h3 dxc4
9.Bxc4 Nd5 10.Bh2 b5 11.Be2 N7f6 12.O-O Bb7 13.Nxd5 Nxd5 14.Nd2 c5 15.dxc5 Nb4
16.Qc3 Bf6 17.Qxb4 a5 18.Qxb5 Ba6 19.Qxa6 Rxa6 20.Bxa6 Qd5 21.Rac1 Qc6 22.Be2 Bxb2
23.Rc2 Ba3 24.Nb3 e5 25.Nxa5 Qa4 26.Nb3 Bxc5 27.Rxc5 Qxa2 28.Bc4  1-0

[Event "Groningen op"]
[Site "Groningen"]
[Date "1995.??.??"]
[Round "?"]
[White "Porper, Eduard"]
[Black "Lelchuk, Zoja"]
[Result "1-0"]
[WhiteElo "2425"]
[BlackElo "2335"]

1.d4 Nf6 2.c4 e6 3.Nf3 d5 4.Nc3 Be7 5.Bf4 O-O 6.e3 Nbd7 7.Qc2 a6 8.cxd5 exd5
9.Bd3 c5 10.dxc5 Nxc5 11.O-O Be6 12.Nd4 Rc8 13.Bf5 b5 14.a3 Qb6 15.b4 Ncd7
16.Qb3 Rfd8 17.h3 Nf8 18.Rac1 Bd6 19.Bxd6 Qxd6 20.Bd3 N8d7 21.a4 Ne5 22.Be2 Nc4
23.Rfd1 bxa4 24.Nxa4 Nd2 25.Qd3 Nc4 26.Qb1 Qe5 27.Nf3 Qb8 28.Nc5 Qb6 29.Nd4 a5
30.Ncxe6 fxe6 31.bxa5 Qxb1 32.Rxb1 e5 33.Nf5 Kf8 34.a6 Ne4 35.Bxc4 Nc3 36.Bf1 g6
37.Ng3 d4 38.Rbc1 Nxd1 39.Rxd1 Rc3 40.exd4 exd4 41.Ne2 Ra3 42.Rxd4 Re8 43.Ng3  1-0

[Event "Groningen op"]
[Site "Groningen"]
[Date "1995.??.??"]
[Round "?"]
[White "Kempinski, Robert"]
[Black "Lutz, Christopher"]
[Result "1-0"]
[WhiteElo "2455"]
[BlackElo "2575"]

1.d4 Nf6 2.Nf3 d5 3.c4 e6 4.Nc3 Be7 5.Bf4 O-O 6.e3 c5 7.dxc5 Bxc5 8.Qc2 Nc6
9.a3 Qa5 10.O-O-O Be7 11.Nd2 Bd7 12.g4 Rfc8 13.Be2 e5 14.g5 Ne8 15.Bg3 d4
16.Nb3 Qd8 17.exd4 exd4 18.Nxd4 Bxg5+ 19.Kb1 Nxd4 20.Rxd4 Bf6 21.Rdd1 Bxc3
22.Qxc3 Qe7 23.Rhe1 Be6 24.Bf3 a5 25.Qb3 Qc5 26.Qb5 Qxc4 27.Qxc4 Rxc4 28.Bxb7 Ra7
29.Rd8  1-0

[Event "Groningen op"]
[Site "Groningen"]
[Date "1995.??.??"]
[Round "?"]
[White "Avrukh, Boris"]
[Black "Florath, Patrick"]
[Result "1-0"]
[WhiteElo "2430"]
[BlackElo "2275"]

1.d4 e6 2.c4 d5 3.Nc3 Nf6 4.Nf3 Be7 5.Bf4 O-O 6.e3 b6 7.Bd3 c5 8.O-O Bb7
9.cxd5 exd5 10.Ne5 Na6 11.Qa4 Qc8 12.Bg5 c4 13.Bb1 Re8 14.Qd1 g6 15.Qf3 Qe6
16.Bxf6 Bxf6 17.Nxc4 Rac8 18.Nd2 Red8 19.a3 Bg7 20.Rd1 Nb8 21.Ba2 Qd7 22.Nf1 Bf8
23.Rac1 Kg7 24.Ng3 b5 25.h4 h5 26.Nge2 b4 27.axb4 Bxb4 28.Nf4 Bxc3 29.Rxc3 Rxc3
30.bxc3 a5 31.Rb1 Na6 32.Rb6  1-0

[Event "Hastings op9495"]
[Site "Hastings"]
[Date "1995.??.??"]
[Round "6"]
[White "Lalic, Bogdan"]
[Black "McDonald, Neil R"]
[Result "1/2-1/2"]
[WhiteElo "2590"]
[BlackElo "2460"]

1.c4 e6 2.Nc3 d5 3.d4 Be7 4.Nf3 Nf6 5.Bf4 O-O 6.e3 b6 7.cxd5 Nxd5 8.Nxd5 exd5
9.Bd3 Bb4+ 10.Ke2 Bd6 11.Bxd6 Qxd6 12.Qc2 c5 13.Rhc1 Na6 14.Bxh7+ Kh8 15.Bd3 Nb4
16.dxc5 Qf6 17.Qc3 Nxd3 18.Qxd3 bxc5  1/2-1/2

[Event "HUN-chT1"]
[Site "HUN"]
[Date "1995.??.??"]
[Round "?"]
[White "Sarosi, Zoltan"]
[Black "Izsak, Gyula"]
[Result "1/2-1/2"]
[WhiteElo "2325"]
[BlackElo "2445"]

1.d4 d5 2.c4 e6 3.Nf3 Nf6 4.Nc3 Be7 5.Bf4 c6 6.e3 O-O 7.h3 Nbd7 8.Qc2 a6
9.cxd5 exd5 10.Bd3 Re8 11.O-O-O Nf8 12.g4 b5 13.Ne5 Qb6 14.Kb1 Be6 15.Bf5 N6d7
16.h4 Nxe5 17.Bxe5 Rac8 18.g5 c5 19.dxc5 Qxc5 20.Bd4 Qc6 21.Bd3  1/2-1/2

[Event "HUN-chT1"]
[Site "HUN"]
[Date "1995.??.??"]
[Round "?"]
[White "Soponyai, Tamas"]
[Black "Kral, Peter"]
[Result "0-1"]
[WhiteElo "2110"]
[BlackElo "2190"]

1.d4 Nf6 2.c4 e6 3.Nf3 d5 4.Nc3 Be7 5.Bf4 O-O 6.e3 b6 7.cxd5 exd5 8.Bd3 c5
9.O-O Nc6 10.dxc5 bxc5 11.Rc1 Qb6 12.Qd2 c4 13.Bb1 Be6 14.Rfe1 Rfd8 15.Nd4 Rd7
16.Re2 Rc8 17.h3 Nb4 18.Rd1 Rcd8 19.Be5 Qb7 20.a3 Nc6 21.Na4 Qa6 22.Bxf6 Qxa4
23.Nxc6 Qxc6 24.Bc3 Bc5 25.Qc2 f5 26.Bd4 Bxd4 27.exd4 g6 28.Rde1 Bf7 29.Qd2 Kg7
30.Qf4 Qd6 31.Qg3 Rb8 32.Qc3 Rb3 33.Qc1 Qf6 34.Rd1 c3 35.Re3 cxb2  0-1

[Event "HUN-chT2 9495"]
[Site "HUN"]
[Date "1995.??.??"]
[Round "?"]
[White "Csaba, Arpad"]
[Black "Olah, Zsigmond"]
[Result "1-0"]
[WhiteElo "2230"]
[BlackElo "2210"]

1.Nf3 Nf6 2.d4 d5 3.c4 e6 4.Nc3 Be7 5.Bf4 O-O 6.e3 c5 7.cxd5 cxd4 8.Qxd4 Nxd5
9.Bxb8 Rxb8 10.Qxa7 Bb4 11.Rc1 Qc7 12.Qd4 Rd8 13.Qc4 Qa5 14.Bd3 Nxc3 15.bxc3 Ba3
16.Rd1 Bd7 17.O-O Bc6 18.Qh4 h6 19.Nd4 Be8 20.c4 Bd6 21.Rb1 Be5 22.Rfd1 Bf6
23.Qe4 g6 24.h4 Qh5 25.g4 Qa5 26.h5 e5 27.Nb3 Qxa2 28.hxg6 fxg6 29.Bc2 Qa6
30.Nc5 Qc6 31.Rxd8 Rxd8 32.Nxb7 Rd2 33.Na5 Qxe4 34.Bxe4 Bh4 35.Rb8 Bxf2+
36.Kf1 Kf7 37.Bd5+ Ke7 38.Rb6 Bg3 39.Re6+ Kd7 40.Nb7 e4 41.Nc5+ Kd8 42.Nxe4 Rd1+
43.Kg2 Bh4 44.Ra6 Re1 45.Nd6 Rxe3 46.Ra8+ Kd7 47.Nxe8 Rxe8 48.Bc6+ Kxc6 49.Rxe8 h5
50.gxh5 gxh5 51.Re5 Bd8 52.Rxh5 Be7 53.Kf3 Bb4 54.Ke4 Be1 55.Rh8 Bg3 56.Rc8+ Kb7
57.Rg8 Bf2 58.Kd5 Kc7 59.c5 Be3 60.Rg7+ Kd8 61.Kc6 Bf2 62.Rd7+ Ke8 63.Rd2 Bg1
64.Rc2 Kd8 65.Kb7 Be3 66.c6 Bf4 67.c7+  1-0

[Event "SLO-chT qual"]
[Site "Kranj"]
[Date "1995.??.??"]
[Round "?"]
[White "Cebular, D."]
[Black "Luznik, M."]
[Result "1-0"]
[WhiteElo "2010"]
[BlackElo "2000"]

1.Nf3 e6 2.d4 d5 3.c4 Nf6 4.Nc3 Be7 5.Bf4 c6 6.cxd5 exd5 7.Qc2 h6 8.e4 dxe4
9.Nxe4 Nxe4 10.Qxe4 O-O 11.Be2 Bb4+ 12.Nd2 Re8 13.Qd3 b6 14.O-O Ba6 15.Nc4 Nd7
16.Bf3 Rc8 17.Qb3 Be7 18.Bh5 Bxc4 19.Qxc4 Rf8 20.Rfe1 Nf6 21.Bf3 Nd5 22.Bg3 Bd6
23.Be5 Ne7 24.Rad1 Rc7 25.Be4 Kh8 26.Bb1 Qd7 27.Qc1 Kg8 28.Re3 Rd8 29.Rde1 Rf8
30.Rg3 Bxe5 31.Rxe5 Qxd4 32.Re4 Qd6 33.Reg4 g5 34.h4 f5 35.Rxg5+ hxg5 36.Qxg5+ Ng6
37.Bc2 Rf6  1-0

[Event "GER-ch (Women)"]
[Site "Krefeld"]
[Date "1995.??.??"]
[Round "3"]
[White "Grabuzova, Tatiana"]
[Black "Koglin, Anke"]
[Result "1/2-1/2"]
[WhiteElo "2195"]
[BlackElo "2235"]

1.d4 d5 2.c4 e6 3.Nf3 Nf6 4.Nc3 Be7 5.Bf4 O-O 6.e3 c5 7.dxc5 Bxc5 8.a3 Nc6
9.Be2 dxc4 10.Bxc4 Qxd1+ 11.Rxd1 Be7 12.e4 Rd8 13.Rxd8+ Bxd8 14.e5 Ne8 15.O-O a6
16.a4 Be7 17.Be3 Na5 18.Be2 Bd7 19.Rd1 Bc6 20.Nd4 Rd8 21.Nxc6 Rxd1+ 22.Bxd1 Nxc6
23.f4 g5 24.g3 gxf4 25.gxf4 Ng7 26.Ne4 Nf5 27.Bc5 Bd8 28.Nd6 Nxd6 29.exd6 b6
30.Ba3 f6 31.Kf2 a5 32.Bf3 Nb4 33.Bxb4 axb4 34.Ke3 f5 35.Kd3 Bf6 36.Kc4 Bxb2
37.Kxb4 Kf8 38.Kb5 Bc1 39.Kxb6 Bxf4 40.Kc7 Bd2 41.Kd7 e5 42.Bd5 e4 43.Ke6 e3
44.Bf3 f4 45.Bh5 Ba5 46.Ke5 Bb4 47.Kd5 f3 48.Bxf3 Ke8 49.h4 h6 50.Ke6 Kd8
51.h5 Ba5 52.Bg4 Bd2 53.Kd5 Bb4 54.Kc6 Ba5 55.Kb5 Bd2 56.Kc5 Ba5 57.Kd5 Bb4
58.Be2 Bd2 59.Ke6 Bb4 60.Bb5 Bc3 61.Kf7 e2 62.Bxe2 Kd7 63.Kg6 Bd2 64.a5 Bxa5
65.Kxh6  1/2-1/2

[Event "Linares zt"]
[Site "Linares"]
[Date "1995.??.??"]
[Round "4"]
[White "Gurevich, Mikhail"]
[Black "Fernandes, Antonio"]
[Result "1-0"]
[WhiteElo "2585"]
[BlackElo "2380"]

1.c4 e6 2.Nc3 d5 3.d4 Be7 4.Nf3 Nf6 5.Bf4 O-O 6.e3 Nbd7 7.Qc2 c6 8.a3 Nh5
9.Be5 f6 10.Bg3 f5 11.Be5 Nhf6 12.Bf4 Ne4 13.h3 Ndf6 14.Bd3 Bd7 15.O-O Be8
16.Bh2 Bh5 17.Ne5 Nd7 18.f3 Nxe5 19.Bxe5 Nxc3 20.bxc3 Bd6 21.Bxd6 Qxd6 22.c5 Qc7
23.c4 Bg6 24.Rab1 b6 25.Rfc1 Rf6 26.f4 bxc5 27.cxd5 exd5 28.Qxc5 Re8 29.Kf2 Qd7
30.Ba6 Rfe6 31.Rc3 Qd8 32.g3 R8e7 33.Rcb3 Be8 34.Rb8 Qd6 35.Bc8 Rh6 36.Qxd6 Rxd6
37.Bxf5 g6 38.Bg4 h5 39.Bf3 Rde6 40.R1b3 Kf7 41.a4 Kf6 42.a5 g5 43.R8b7 Bg6
44.Rxe7 Rxe7 45.a6 h4 46.fxg5+ Kxg5 47.gxh4+ Kf6 48.Rb7 Bd3 49.Be2 Bf5 50.Rxe7 Kxe7
51.Kg3 Kf6 52.h5 Kg5 53.h4+ Kf6 54.Kf4 Be4 55.Bg4 Bd3 56.Bc8 Be2 57.Bb7 Bb5
58.h6 Kg6 59.Ke5 Kxh6 60.Kd6 Kh5 61.Kc7 Kxh4 62.Kb8 Kg3 63.Kxa7 Kf3 64.Kb6 Bxa6
65.Bxa6  1-0

[Event "POL-chT"]
[Site "Lubniewice"]
[Date "1995.??.??"]
[Round "2"]
[White "Ivanov, Sergey"]
[Black "Grabarczyk, Miroslaw"]
[Result "1-0"]
[WhiteElo "2545"]
[BlackElo "2445"]

1.d4 Nf6 2.c4 e6 3.Nc3 d5 4.Nf3 Be7 5.Bf4 O-O 6.e3 Nbd7 7.Qc2 c5 8.dxc5 Nxc5
9.a3 Bd7 10.Be2 dxc4 11.Bxc4 Rc8 12.O-O Na4 13.Nxa4 b5 14.Ne5 Be8 15.Rfd1 Qa5
16.b4 Qxa4 17.Qxa4 bxa4 18.Ba6 Rd8 19.Rxd8 Bxd8 20.Nc4 Nd5 21.Bd6 Be7 22.Rc1 Bd7
23.e4 Bxd6 24.Nxd6 Nb6 25.Rc7 Ra8 26.e5 Kf8 27.f4 Ke7 28.Bb7 Rb8 29.Be4 f5
30.Bf3 a6 31.Ra7 h6 32.Rxa6 g5 33.g3 g4 34.Bg2 Nc8 35.Nb7 h5 36.Kf2 Bb5 37.Ra5 Bd7
38.Nc5 Nb6 39.Ra7 Kd8 40.Bb7  1-0

[Event "CRO-chT"]
[Site "Makarska Tucepi"]
[Date "1995.??.??"]
[Round "?"]
[White "Belamaric, Tanja"]
[Black "Paraminski, Albina"]
[Result "1/2-1/2"]
[WhiteElo "2180"]
[BlackElo "2170"]

1.d4 d5 2.Nf3 Nf6 3.c4 e6 4.Nc3 Be7 5.Bf4 c6 6.e3 O-O 7.Qc2 h6 8.Bd3 dxc4
9.Bxc4 b5 10.Bd3 Bb7 11.O-O a6 12.h3 Nbd7 13.Ne4 Nxe4 14.Bxe4 Qb6 15.Ne5 Nxe5
16.Bxe5 Rac8 17.Qe2 f5 18.Bf3 c5 19.dxc5 Bxc5 20.Rfd1 Bxf3 21.Qxf3 Be7 22.Qg3 Bf6
23.Rd7 Bxe5 24.Qxe5 Rf6 25.Rad1 Rg6 26.g3 Rc5 27.Qf4 Rc4 28.Qe5 Re4 29.Qc7 Qxc7
30.Rxc7  1/2-1/2

[Event "CRO-chT"]
[Site "Makarska Tucepi"]
[Date "1995.??.??"]
[Round "?"]
[White "Belamaric, Tanja"]
[Black "Bazaj Bockai, Snjezana"]
[Result "1/2-1/2"]
[WhiteElo "2180"]
[BlackElo "2180"]

1.d4 d5 2.c4 e6 3.Nc3 Be7 4.Nf3 Nf6 5.Bf4 O-O 6.e3 a6 7.c5 c6 8.Bd3 Nbd7
9.b4 Re8 10.O-O Bf8 11.Qa4 b5 12.Qb3 Nh5 13.a4 Nxf4 14.exf4 bxa4 15.Rxa4 Qc7
16.g3 Bb7 17.Rfa1 Nb8 18.Qc2 g6 19.Qe2 Re7 20.Ne5 f6 21.Nf3 Bg7 22.b5 cxb5
23.Nxb5 axb5 24.Rxa8 Bxa8 25.Rxa8 b4 26.Qa2 Kf7 27.Bc2 Qb7 28.h4 Nc6 29.Ra4 Qb5
30.h5 Rb7 31.hxg6+ hxg6 32.Qb3 Qc4 33.Qb1 Nxd4 34.Bxg6+ Ke7 35.Nxd4 Qxd4
36.c6 Rc7 37.Rxb4 Qc5 38.Rb8 Qxc6 39.Re8+ Qxe8 40.Qb4+ Kd7 41.Bxe8+ Kxe8
42.Qd6 Re7 43.f5 exf5 44.Qxd5 Re5 45.Qc6+ Kf7 46.Qc4+ Kg6 47.Kg2 Re4  1/2-1/2

[Event "CRO-chT"]
[Site "Makarska Tucepi"]
[Date "1995.??.??"]
[Round "?"]
[White "Keglevic, Pavao"]
[Black "Vargic, Drago"]
[Result "0-1"]
[WhiteElo "2290"]
[BlackElo "2265"]

1.d4 Nf6 2.Nf3 e6 3.c4 d5 4.Nc3 Be7 5.Bf4 O-O 6.Qc2 a6 7.c5 Nbd7 8.h3 Re8
9.e3 Nf8 10.Bd3 b5 11.cxb6 cxb6 12.Na4 Bd7 13.O-O Ng6 14.Bh2 Ne4 15.Rac1 Bd6
16.Bxd6 Nxd6 17.Ne5 Bxa4 18.Qxa4 b5 19.Qc2 Rc8 20.Qe2 Nxe5 21.dxe5 Nc4 22.b3 Nxe5
23.Bxh7+ Kxh7 24.Qh5+ Kg8 25.Qxe5 Qa5 26.Qb2 b4 27.Rc2 Rc3 28.Rd2 Qc5 29.Rfd1 Rd8
30.Qb1 a5 31.g4 g6 32.Kg2 Kg7 33.Rh1 e5 34.Qd1 d4 35.Qf3 Qe7 36.Qe4 Qe6 37.g5 f5
38.gxf6+ Qxf6 39.exd4 Qg5+ 40.Kh2 Qxd2 41.Qxe5+ Kf7  0-1

[Event "Montecatini Terme op"]
[Site "Montecatini Terme"]
[Date "1995.??.??"]
[Round "?"]
[White "Efimov, Igor"]
[Black "Barletta, Mauro"]
[Result "1-0"]
[WhiteElo "2450"]
[BlackElo "2230"]

1.d4 d5 2.c4 e6 3.Nf3 Nf6 4.Nc3 Be7 5.Bf4 O-O 6.e3 c6 7.Qc2 Nbd7 8.a3 a6
9.cxd5 exd5 10.Bd3 Re8 11.h3 Nf8 12.O-O Ng6 13.Bh2 Bd6 14.Bxd6 Qxd6 15.b4 Be6
16.Na4 Nd7 17.Nc5 Nxc5 18.bxc5 Qe7 19.Rab1 Qf6 20.Rxb7 Bxh3 21.Rfb1 Bg4 22.Nh2 Bc8
23.Rb8 Bd7 24.Rxa8 Rxa8 25.Rb6 a5 26.Qb2 Qd8 27.Nf3 h6 28.Qb1 Be8 29.Rb7 Nf8
30.Nh4 f6 31.Nf3 Nd7 32.e4 Bf7 33.Qb2 Qe8 34.e5 fxe5 35.Nxe5 Nxe5 36.dxe5 Be6
37.Qb6 a4 38.Qc7 Bf7 39.Qd6 Qe6 40.Re7 Qg4 41.Qf6  1-0

[Event "Moscow5"]
[Site "Moscow"]
[Date "1995.??.??"]
[Round "7"]
[White "Chekhov, Valery A"]
[Black "Gorelov, Sergey G"]
[Result "1/2-1/2"]
[WhiteElo "2500"]
[BlackElo "2490"]

1.d4 Nf6 2.Nf3 d5 3.c4 e6 4.Nc3 Be7 5.Bf4 O-O 6.e3 c5 7.dxc5 Bxc5 8.Be2 dxc4
9.Bxc4 a6 10.Qe2 b5 11.Bd3 Bb7 12.O-O Nbd7 13.Rfd1 Qb6 14.a4 b4 15.Nb1 Rfe8
16.Bg3 e5 17.Bc4 h6 18.a5 Qa7 19.Nbd2 e4 20.Ne1 Bf8 21.Nb3 Ne5 22.Bxe5 Rxe5
23.Rd4 Rae8 24.Nc2 Bc8 25.Qd2 Qb8 26.Ra4 Rh5 27.g3 Bg4 28.Nxb4 Bf3 29.Bf1 Qe5
30.Bg2 Bxg2 31.Kxg2 Qf5 32.h4 Qf3+ 33.Kg1 Rxh4  1/2-1/2

[Event "JUG-chT"]
[Site "Nis"]
[Date "1995.??.??"]
[Round "?"]
[White "Dezelin, Milan"]
[Black "Savic, Ivan"]
[Result "1/2-1/2"]
[WhiteElo "2335"]
[BlackElo "2065"]

1.d4 d5 2.c4 e6 3.Nc3 Be7 4.Nf3 Nf6 5.Bf4 O-O 6.e3 b6 7.cxd5 Nxd5 8.Nxd5 exd5
9.Rc1 c5 10.Be2 Be6 11.O-O Bd6 12.Bxd6 Qxd6 13.dxc5 bxc5 14.Qc2 Nd7 15.Rfd1 h6
16.e4 d4 17.b4 cxb4 18.Nxd4 Qb6 19.Nxe6 Qxe6 20.Bc4 Qe7 21.Bd5 Rae8 22.Bc6 Rd8
23.Rd5 Ne5 24.Rxd8 Rxd8 25.Bd5 Qg5 26.Rf1 Nf3+ 27.Kh1 Qf4 28.gxf3 Qxf3+ 29.Kg1  1/2-1/2

[Event "NLD-ch"]
[Site "?"]
[Date "1995.??.??"]
[Round "10"]
[White "Cifuentes Parada, Roberto"]
[Black "Van der Sterren, Paul"]
[Result "1/2-1/2"]
[WhiteElo "2535"]
[BlackElo "2560"]

1.d4 d5 2.c4 e6 3.Nf3 Nf6 4.Nc3 Be7 5.Bf4 O-O 6.e3 c5 7.dxc5 Bxc5 8.a3 Nc6
9.Qc2 Qa5 10.O-O-O Be7 11.h4 Rd8 12.Nd2 e5 13.Bg5 d4 14.Nb3 Qb6 15.c5 Qc7
16.Nb5 Qb8 17.exd4 a6 18.Nd6 Bxd6 19.cxd6 Qxd6 20.dxe5 Qxd1+ 21.Qxd1 Rxd1+
22.Kxd1 Nxe5 23.Bxf6 gxf6 24.Nd4 Bd7 25.f3 Rd8 26.Kc2 Be6 27.Nxe6 fxe6 28.Be2 Kf7
29.Rd1 Rg8 30.Bf1 Ke7 31.Re1 Rc8+ 32.Kd2 Kd6 33.Re4 Kd5 34.b3 f5 35.Re3 Kd6
36.Be2 Ng6 37.Bc4 e5 38.g3 f4 39.gxf4 Nxf4 40.Re1 b5 41.Bd3 Rg8 42.Bxh7 Rh8
43.Be4 Rxh4 44.Rd1 a5 45.Kc3+ Kc7 46.Rd2 Rh6 47.b4 a4 48.Kb2 Rd6 49.Rc2+ Kb6
50.Rc5 Nd3+  1/2-1/2

[Event "NLD-chT9596"]
[Site "?"]
[Date "1995.??.??"]
[Round "?"]
[White "De Boer, Gert Jan"]
[Black "Tondivar, Babak"]
[Result "1/2-1/2"]
[WhiteElo "2425"]
[BlackElo "2350"]

1.d4 e6 2.c4 d5 3.Nf3 Nf6 4.Nc3 Be7 5.Bf4 O-O 6.e3 c5 7.dxc5 Bxc5 8.Qc2 Nc6
9.a3 Qa5 10.O-O-O Be7 11.h4 dxc4 12.Bxc4 b6 13.Ng5 Ba6 14.Nce4 g6 15.Nxf6+ Bxf6
16.Ne4 Be7 17.Bxa6 Qxa6 18.Kb1 Rac8 19.Bh6 Rfd8 20.Bg5 Nb4 21.Rxd8+ Bxd8
22.Qd2 Bxg5 23.hxg5 Nd5 24.Nd6 Rc6 25.Nxf7 Kxf7 26.e4 Ne7 27.Rxh7+ Ke8 28.Rh8+ Kf7
29.Rh7+ Ke8 30.Rh8+ Kf7 31.Rh7+  1/2-1/2

[Event "NLD-chT9596"]
[Site "?"]
[Date "1995.??.??"]
[Round "?"]
[White "Kohlweyer, Bernd"]
[Black "Konings, Leon"]
[Result "0-1"]
[WhiteElo "2425"]
[BlackElo "2230"]

1.d4 d5 2.c4 e6 3.Nf3 Nf6 4.Nc3 Be7 5.Bf4 O-O 6.e3 c5 7.dxc5 Nc6 8.a3 Bxc5
9.Qc2 Bd7 10.Rd1 Rc8 11.Be2 dxc4 12.Bxc4 Qe7 13.Bg5 Bb6 14.O-O h6 15.Bxf6 gxf6
16.Ne4 Nb8 17.Qe2 f5 18.Ng3 Bc6 19.Nd4 Qg5 20.Rd2 Bxd4 21.Rxd4 Rfd8 22.Rfd1 Rxd4
23.Rxd4 Nd7 24.Bb5 Nf6 25.Bxc6 Rxc6 26.Qd2 Nd5 27.h3 Kh8 28.Kh2 Rc8 29.Rxd5 exd5
30.Qxd5 Qf6 31.Nxf5 Rc2 32.f4 Rxb2 33.Nd4 Qg6 34.a4 a5 35.h4 h5 36.f5 Qf6
37.Nf3 Rb4 38.Qxa5 Qd6+ 39.Kh3 Rg4  0-1

[Event "NOR-ch"]
[Site "?"]
[Date "1995.??.??"]
[Round "5"]
[White "Tisdall, Jonathan D"]
[Black "Ostenstad, Berge"]
[Result "1/2-1/2"]
[WhiteElo "2470"]
[BlackElo "2485"]

1.d4 d5 2.c4 e6 3.Nc3 Be7 4.Nf3 Nf6 5.Bf4 O-O 6.e3 Nbd7 7.cxd5 Nxd5 8.Nxd5 exd5
9.a3 c6 10.Bd3 Re8 11.Qc2 Nf8 12.b4 a6 13.O-O Bd6 14.Bxd6 Qxd6 15.Rfc1 Re6
16.Qc5 Qd8 17.Bf5 Rh6 18.Bxc8 Rxc8 19.a4 Nd7 20.Qa7 Rc7 21.Ne5 Nxe5 22.dxe5 Re6
23.b5 Qc8 24.bxa6 bxa6 25.Qd4 Rb7 26.Qxd5 Qb8 27.Qd3 Qxe5 28.Qxa6 Rb8 29.Rab1 g6
30.Rxb8+ Qxb8 31.h3 Rd6 32.a5 Qb2 33.Qc4 Qa3 34.a6 c5 35.Kh2 Rxa6 36.Qxc5 Qxc5
37.Rxc5 h5 38.Kg3 Kg7 39.Kf3 Ra4 40.Rc6 Rb4 41.Rd6 Ra4 42.Rd4 Ra2 43.h4 Kf6
44.Rd7 Rb2 45.Ra7 Rc2 46.g3 Rb2 47.e4 Rc2 48.Ke3 Rb2 49.f3 Rb3+ 50.Kf4 Rb4
51.Ra5 Rc4 52.g4 hxg4 53.Kxg4 Rb4 54.Ra6+ Kg7 55.h5 gxh5+ 56.Kxh5 Rb3 57.Kg4 Rb1
58.e5 Re1 59.f4 Rg1+ 60.Kf5 Re1 61.Ra7 Re2 62.Re7 Ra2 63.Kg4 Ra4 64.Kg5 Re4
65.Kf5 Ra4 66.Rb7 Ra5 67.Kg4 Kf8 68.Rd7 Ke8 69.Rd4 Ke7 70.Rb4 Ke6 71.Rb6+ Ke7
72.Kg5 Rc5 73.Kh6 Rc1 74.Rb7+ Kf8 75.f5 Rg1 76.Rb8+ Ke7 77.f6+ Ke6 78.Re8+ Kf5
79.Kh7 Rg2 80.Rg8 Ra2 81.Kg7 Kxe5 82.Kxf7 Kf5 83.Re8  1/2-1/2

[Event "NOR-ch"]
[Site "?"]
[Date "1995.??.??"]
[Round "7"]
[White "Tisdall, Jonathan D"]
[Black "Ogaard, Leif"]
[Result "1/2-1/2"]
[WhiteElo "2470"]
[BlackElo "2415"]

1.d4 Nf6 2.c4 e6 3.Nc3 d5 4.Nf3 Be7 5.Bf4 O-O 6.e3 c5 7.dxc5 Bxc5 8.a3 Nc6
9.Qc2 Qa5 10.O-O-O a6 11.cxd5 exd5 12.Ng5 Be6 13.Kb1 Rac8 14.Rxd5 Ne7 15.Re5 Ng6
16.Rxe6 fxe6 17.Bc4 Nxf4 18.exf4 Kh8 19.Nce4 Qc7 20.Bxe6 Bxa3 21.Qxc7 Rxc7
22.bxa3 Nxe4 23.Nxe4 Rxf4 24.Rd1 Rf8 25.f3 g6 26.Rd6 Rc6 27.Rxc6 bxc6 28.Bd7 Rb8+
29.Kc2 Rb7 30.Bc8 Rb5 31.a4 Rb4 32.Nc3 a5 33.Bd7 Rb6 34.Ne2 Rb4 35.Nc3 Rb6
36.Kd3 Rb2 37.Ne2 Rb3+ 38.Kd2 Rb2+ 39.Ke3 Rb3+ 40.Kf2 Rb6 41.g4 Kg7 42.Ke3 Rb3+
43.Kf2 Rb6 44.g5 Kf8 45.Nd4 Rb4 46.Ke3  1/2-1/2

[Event "Novgorod"]
[Site "Novgorod"]
[Date "1995.??.??"]
[Round "5"]
[White "Ivanchuk, Vassily"]
[Black "Ehlvest, Jaan"]
[Result "1/2-1/2"]
[WhiteElo "2700"]
[BlackElo "2615"]

1.Nf3 d5 2.d4 Nf6 3.c4 e6 4.Nc3 Be7 5.Bf4 O-O 6.e3 c5 7.dxc5 Bxc5 8.a3 Nc6
9.Qc2 Qa5 10.O-O-O Be7 11.g4 dxc4 12.Bxc4 a6 13.Bd3 Kh8 14.g5  1/2-1/2

[Event "Novgorod"]
[Site "Novgorod"]
[Date "1995.??.??"]
[Round "5"]
[White "Kasparov, Gary"]
[Black "Vaganian, Rafael A"]
[Result "1-0"]
[WhiteElo "2805"]
[BlackElo "2640"]

1.d4 e6 2.c4 d5 3.Nc3 Be7 4.Nf3 Nf6 5.Bf4 O-O 6.e3 c5 7.dxc5 Bxc5 8.Qc2 Nc6
9.a3 Qa5 10.O-O-O Be7 11.h4 dxc4 12.Bxc4 b6 13.Ng5 Ba6 14.Nce4 g6 15.Nxf6+ Bxf6
16.Ne4 Be7 17.Bxa6 Qxa6 18.Kb1 Qb7 19.h5 Rac8 20.hxg6 Nb4 21.gxh7+ Kh8 22.Be5+ f6
23.Nxf6 Bxf6 24.Bxf6+  1-0

[Event "Novosibirsk"]
[Site "Novosibirsk"]
[Date "1995.??.??"]
[Round "11"]
[White "Ruban, Vadim"]
[Black "Smirin, Ilia"]
[Result "1/2-1/2"]
[WhiteElo "2535"]
[BlackElo "2630"]

1.d4 Nf6 2.c4 e6 3.Nf3 d5 4.Nc3 Be7 5.Bf4 O-O 6.e3 c5 7.dxc5 Bxc5 8.cxd5 Nxd5
9.Nxd5 Qxd5 10.Qxd5 exd5 11.a3 Nc6 12.Rc1 Bb6 13.Bb5 Bd7 14.O-O Rac8 15.Rfd1 Be6
16.Ne5 Nxe5 17.Bxe5 Rxc1 18.Rxc1 Rc8 19.Rxc8+ Bxc8 20.Kf1  1/2-1/2